Upside Down - Diana Ross (All Lyrics) - Statistics

General Stats
  • This quiz has been taken 43 times
  • The average score is 265 of 332
Answer Stats
Answer % Correct
a
100%
do
100%
down
100%
I
100%
you
100%
You
100%
and
97%
And,
97%
And
97%
me
97%
upside
97%
Upside
97%
turn
94%
Boy,
91%
in
91%
inside
91%
out
91%
'Round
91%
'round
91%
'round,
91%
love
85%
you're
79%
You're
79%
to
76%
that
74%
the
74%
The
74%
I'm
71%
no
71%
turning
71%
feel
68%
know
65%
like
65%
one
65%
makes
62%
But
59%
giving
59%
say
59%
aware
56%
cheating
56%
give
56%
Respectfully,
53%
respectfully
53%
instinctively
50%
Instinctively
50%
need
50%
thee
47%
thee,
47%
said
44%
with
44%
got
41%
moments
41%
my
41%
cherish
38%
crazy
38%
line
38%
That's
38%
think
38%
Around
35%
As
35%
as
35%
bottom
35%
for
35%
heart
35%
long
35%
shine
35%
sun
35%
There's
35%
all
32%
continues
32%
mine
32%
place
32%
When
32%
always
26%
play
24%
field
18%
appeal
15%
charm
12%
No matching quizzes found
Score Distribution
Percent of People with Each Score
Percentile by Number Answered
Your Score History
You have not taken this quiz